Images of Man : The Classic Tradition in Sociological Thinking /

Gardado en:
Detalles Bibliográficos
Autor Principal: Mills, C. Wright (autor)
Formato: Libro
Idioma:inglés
Publicado: Nueva York, EUA : George Braziller, 1960, c1960
Temas:
Etiquetas: Engadir etiqueta
Sen Etiquetas, Sexa o primeiro en etiquetar este rexistro!

MARC

LEADER 00000nam^a2200000^a^4500
001 000001992
005 20250521000000.0
009 20260310083128.774
037 |a Acervo ITESO - Biblioteca 
041 |a ING 
082 |a 300. 1  |b MIL 
100 |a Mills, C. Wright  |e (autor) 
245 1 0 |a Images of Man :  |b The Classic Tradition in Sociological Thinking /  |c Comp. de C.W. Mills. 
264 4 |a Nueva York, EUA :  |b George Braziller,  |c 1960, c1960 
300 |a 534 p. 
336 |a texto  |b txt  |2 rdacontenido 
337 |a sin mediación  |b n  |2 rdamedio 
338 |a volumen  |b nc  |2 rdasoporte 
649 |a XX 
650 |a Sociología -  |x Teoría -  |x Tema Principal 
910 |a Fondo General 
920 |a Impresos - Libros 
930 |a Colección General 
905 |a 101 
901 |a 0019920100  |b IT1  |c ACC  |i 001992  |u 20250521 
902 |a https://opac.biblio.iteso.mx/vufind/Record/000001992